| 000 | 00000nas##2200000za#4500 |
| 001 | 9.503662 |
| 003 | CaOODSP |
| 005 | 20200325093707 |
| 007 | cr ||||||||||| |
| 008 | 150406c1962||||xxc|| p o||||f| |0fre|d |
| 040 | |aCaOODSP|bfre |
| 043 | |an-cn--- |
| 086 | 1 |aIN3-16/12F-PDF |
| 110 | 1 |aCanada. |bBureau du surintendant des institutions financières Canada. |bBureau de l'actuaire en chef. |
| 245 | 10|aRapport sur l'examen actuariel de la situation au 31 décembre ... du Compte de pension de retraite au Fonds du revenu consolidé |h[ressource électronique] |
| 246 | 1 |iTitre de renvoi : |aRapport sur l'examen actuariel du Compte de pension de retraite du Fonds du revenu consolidé au 31 décembre ... |
| 260 | |aOttawa - Ontario : |bBureau du surintendant des institutions financières. |
| 310 | |aTriennal |
| 362 | 1 |a1962-1983 |
| 500 | |aPériodicité variable. |
| 691 | 07|aFonction publique|2gcpds |
| 691 | 07|aPension|2gcpds |
| 775 | 08|tReport on actuarial examination of the Superannuation Account in the Consolidated Revenue Fund ... |w(CaOODSP)9.507273 |